| 000 | 00768nam a2200241Ia 4500 | ||
|---|---|---|---|
| 003 | GCL | ||
| 008 | 140319s9999 xx 000 0 ara d | ||
| 020 | _a8404702977 | ||
| 040 |
_aGCL / _cGCL |
||
| 082 | 0 | 4 |
_a822.008 _bش ى |
| 100 | 1 | _aعبدالحق فاضل | |
| 245 | 1 | 0 |
_aيوليوس قيصر / _cعبدالحق فاضل |
| 700 | 1 | _aمصطفى طه حبيب | |
| 700 | 1 | _aشكسبير، ويليام | |
| 250 | _aالثانية | ||
| 260 |
_aالقاهرة : _bدار المعارف ، _c1993 |
||
| 300 |
_a190 ص ؛ _c19سم |
||
| 490 |
_aمسرحيات شكسبير _v0 |
||
| 650 | 0 | 4 | _aالمسرحيات الانجليزية |
| 650 | 0 | 4 | _aشكسبير، ويليام |
| 650 | 0 | 4 | _aالمسرح الانجليزى المترجم |
| 942 |
_2ddc _cBK |
||
| 999 |
_c29900 _d29900 |
||